000
00333nam a22001457a 4500
003
SGT
020
_a
978-8-204-0828-4
082
_a
615
_b
SIV
100
_a
SIVARAJAN, V.V.
245
_a
AYURVEDIC DRUG AND THEIR PLANT SOURCES
260
_a
INDIA
_b
CBS PUB.
_c
2017
300
_a
570
650
_a
AYURVEDIC DRUG
942
_2
ddc
_c
BK
999
_c
33077
_d
33077